00792cam a22002418a 450000500170000000800410001701000140005802000260007202000230009803500130012103700150013404000180014908200060016710000180017324500410019126000420023227000570027430000230033165000210035494200200037599900170039595201380041220080916184717.0080911s2008 ii 001 0 eng  aENG-91962 a9788174875921c350.00 a8174875921c350.00 aEN-75495 bDBAD / PUB adplbEnglish  aN aSaxena, S.P.  aThe three streams /cby S.P. Saxena  aNew Delhi bRadha Publications c2008 a4231/1, Ansari Road, Daryaganj, bNew Delhi e110002 a174p. c22cm (Hb)  aEnglish fiction. 2ddccENmSAXhN c19377d19377 00102ddc40718NFICaDBADbDBADd2008-12-02eDBAD / PUBg350.00l0oN SAXpEN-75495r2008-12-02 00:00:00t1v350.00w2008-12-02yEN